Welcome to the Holygrace Academy Library

Please use search bar below to get started

CBSE SOLVED PAPERS ECONOMICS 2010-18 (Record no. 603)

MARC details
000 -LEADER
fixed length control field 00345nam a22001217a 4500
082 ## - DEWEY DECIMAL CLASSIFICATION NUMBER
Classification number 330
Item number OSW/E
100 ## - MAIN ENTRY--AUTHOR NAME
Personal name OSWAAL BOOKS
245 ## - TITLE STATEMENT
Title CBSE SOLVED PAPERS ECONOMICS 2010-18
Remainder of title CLASS 12
260 ## - PUBLICATION, DISTRIBUTION, ETC. (IMPRINT)
Place of publication AGRA
Name of publisher OSWAAL PUBLICATIONS
Year of publication 2019
300 ## - PHYSICAL DESCRIPTION
Number of Pages 368
650 ## - SUBJECT ADDED ENTRY--TOPICAL TERM
Topical Term ECONOMICS CHAPTERWISE AND TOPICWISE SOLVED PAPERS FOR CLASS XII
Geographic subdivision INDIA
942 ## - ADDED ENTRY ELEMENTS (KOHA)
Koha item type Books
Holdings
Withdrawn status Lost status Collection code Home library Current library Shelving location Date acquired Source of acquisition Cost, normal purchase price Full call number Accession Number Koha item type
    Reference Main Library Main Library   21/10/2018 purchase 299.00 330 OSW/E 10336 Books